000 00629nam a2200241 a 4500
001 nice12345678
003 IN_TiNIC
005 20260116014543.0
008 140711s2013 myla grp 000 0 eng
020 _a9788178231082
_c40
082 0 0 _a294.38
_bPRA1
100 _aPrabhavananda, Swami
245 _aPatanjali Yoga Sutras
260 _aMylapore, Chennai
_bSri Ramakrishna Math
_c2013
300 _a167p
500 _aincludes index and biblioraphy
505 2 _a Expanations of subjects
650 _aSutra-Buddhism
700 1 _aPrabhavananda, Swami
902 _bSRS
942 _cBK
999 _c15939
_d15939